[Event "Mercredi 2014.04.02 ABCD"]
[Site "Montreal CAN"]
[Date "2014.04.09"]
[Round "2"]
[White "Lopez Linares, Lizandro"]
[Black "Jacquet, Stephane"]
[Result "1-0"]
[WhiteElo "1995"]
[BlackElo "2017"]
[PlyCount "116"]
[EventDate "2014.04.02"]
[EventType "tourn"]
[EventRounds "5"]
[EventCountry "CAN"]

1. d4 d5 2. Nf3 Nf6 3. c4 dxc4 4. e3 e6 5. Bxc4 c5 6. O-O a6 7. a4 Nc6 8. Qe2
cxd4 9. Rd1 Be7 10. exd4 O-O 11. Nc3 Nb4 12. Ne5 Nbd5 13. Rd3 Bd7 14. Rg3 g6
15. Bh6 Re8 16. Qf3 Bc6 17. Nxc6 bxc6 18. Qe2 Bd6 19. Rh3 Qb6 20. Be3 Reb8 21.
Nd1 Bf4 22. Rf3 Bxe3 23. fxe3 Ne4 24. b3 Qb4 25. Bxa6 Qd2 26. Qf1 Qa5 27. Bc4
Nd2 28. Qe2 Nxf3+ 29. gxf3 Nc3 30. Qd2 Qg5+ 31. Kf2 Qh4+ 32. Kg2 Nxd1 33. Rxd1
Rd8 34. Qf2 Qg5+ 35. Kf1 c5 36. e4 cxd4 37. Rxd4 Qc1+ 38. Kg2 Qg5+ 39. Kf1 Rxd4
40. Qxd4 Rd8 41. Qc3 Rd1+ 42. Ke2 Rh1 43. Bb5 Rxh2+ 44. Kd3 Rf2 45. Kc4 Qf4 46.
a5 Rxf3 47. Qd4 Qc1+ 48. Kb4 Qc7 49. a6 Qe7+ 50. Ka4 e5 51. Qb6 Rf4 52. a7
Rxe4+ 53. Bc4 Qd7+ 54. Ka5 Qd2+ 55. Ka6 Qa2+ 56. Qa5 Qxa5+ 57. Kxa5 Re1 58.
a8=Q+ Kg7 1-0

[Event "Mercredi 2014.04.02 ABCD"]
[Site "Montreal CAN"]
[Date "2014.04.09"]
[Round "2"]
[White "Millette, Sylvain"]
[Black "Zumsteg, Nicolas"]
[Result "1/2-1/2"]
[WhiteElo "1735"]
[BlackElo "1719"]
[PlyCount "108"]
[EventDate "2014.04.02"]
[EventType "tourn"]
[EventRounds "5"]
[EventCountry "CAN"]

1. Nf3 Nf6 2. g3 d5 3. Bg2 c6 4. d4 Bg4 5. c3 Nbd7 6. Nbd2 e6 7. O-O Bd6 8. Re1
O-O 9. e4 dxe4 10. Nxe4 Nxe4 11. Rxe4 Nf6 12. Bg5 Bxf3 13. Qxf3 Be7 14. Rh4 Ne8
15. Qh5 h6 16. Bxe7 Qxe7 17. Re1 Nf6 18. Qe5 Rfd8 19. f4 Qd6 20. Qe2 Rd7 21.
Qf2 Kh7 22. g4 Rh8 23. g5 Nd5 24. gxh6 gxh6 25. f5 exf5 26. Qxf5+ Kg7 27. Bxd5
Qxd5 28. Re5 Qd6 29. Rg4+ Kf8 30. Rge4 Rg8+ 31. Kf1 Rg6 32. Re8+ Kg7 33. Rg4
Rd8 34. Rxg6+ fxg6 35. Qe5+ Qxe5 36. Rxe5 Kf6 37. Kg2 b5 38. Kf3 a5 39. Ke4 a4
40. b3 axb3 41. axb3 g5 42. c4 bxc4 43. bxc4 Ra8 44. h4 Ra1 45. hxg5+ hxg5 46.
Rc5 Re1+ 47. Kf3 Re6 48. d5 cxd5 49. cxd5 Re5 50. Rc6+ Kf5 51. d6 Rd5 52. Ra6
g4+ 53. Ke2 Ke5 54. Ke3 Rxd6 1/2-1/2

[Event "Mercredi 2014.04.02 ABCD"]
[Site "Montreal CAN"]
[Date "2014.04.09"]
[Round "2"]
[White "O'Connor, Michael"]
[Black "Abdelaal, Ibrahim"]
[Result "1/2-1/2"]
[WhiteElo "1738"]
[BlackElo "1748"]
[PlyCount "156"]
[EventDate "2014.04.02"]
[EventType "tourn"]
[EventRounds "5"]
[EventCountry "CAN"]

1. e4 c5 2. Ne2 e6 3. g3 a6 4. c3 d5 5. Bg2 dxe4 6. Bxe4 Nf6 7. Bg2 Be7 8. O-O
O-O 9. d4 Nc6 10. h3 cxd4 11. cxd4 Nb4 12. Nbc3 Nbd5 13. Nxd5 Nxd5 14. Nf4 Bf6
15. Nxd5 exd5 16. Qb3 Bxd4 17. Rd1 Qf6 18. Be3 Bxe3 19. Qxe3 Qxb2 20. Bxd5 Bxh3
21. Rab1 Qc2 22. Rdc1 Qf5 23. Be4 Qe6 24. Rb6 Qxa2 25. Bb1 Qd5 26. Be4 Qh5 27.
Rc5 Qd1+ 28. Kh2 Be6 29. Bc2 Qg4 30. Be4 Qh3+ 31. Kg1 Rad8 32. Rb1 h6 33. Bg2
Qg4 34. Bf3 Qd4 35. Qa3 Qd3 36. Qxd3 Rxd3 37. Bxb7 Rfd8 38. Bxa6 Rd1+ 39. Rxd1
Rxd1+ 40. Kg2 Bd5+ 41. Kh3 h5 42. Kh4 Rh1+ 43. Kg5 Be6 44. Kf4 h4 45. gxh4
Rxh4+ 46. Ke3 Ra4 47. Bc8 Rc4 48. Rxc4 Bxc4 49. Kf4 Kf8 50. Ke5 Ke7 51. f4 f6+
52. Kd4 Be6 53. Ba6 Kd6 54. Bd3 g5 55. fxg5 fxg5 56. Be2 Bf5 57. Bh5 Ke6 58.
Bf3 Bh3 59. Ke4 Kf6 60. Bh1 Bf5+ 61. Kf3 Ke5 62. Kg3 Be6 63. Bf3 Kf5 64. Bg4+
Kf6 65. Bxe6 Kxe6 66. Kg4 Kf6 67. Kg3 Kf7 68. Kg4 Kg6 69. Kg3 Kf5 70. Kf3 g4+
71. Kg3 Kg5 72. Kg2 Kf4 73. Kf2 Ke4 74. Kg3 Kf5 75. Kg2 Kf4 76. Kf2 g3+ 77. Kg2
Kg4 78. Kg1 Kf3 1/2-1/2

[Event "Mercredi 2014.04.02 ABCD"]
[Site "Montreal CAN"]
[Date "2014.04.09"]
[Round "2"]
[White "Salazar, Andres"]
[Black "Struben, Jeroen"]
[Result "1-0"]
[WhiteElo "1774"]
[BlackElo "1764"]
[PlyCount "79"]
[EventDate "2014.04.02"]
[EventType "tourn"]
[EventRounds "5"]
[EventCountry "CAN"]

1. e4 d6 2. d4 Nf6 3. Nc3 g6 4. Bg5 Bg7 5. Qd2 c6 6. Bc4 b5 7. Bd3 h6 8. Bf4 g5
9. Bg3 Nh5 10. Be2 Nxg3 11. hxg3 g4 12. Rh5 Nd7 13. Bxg4 Nf6 14. Bxc8 Nxh5 15.
Bb7 Rb8 16. Bxc6+ Kf8 17. Bxb5 Qb6 18. Nge2 e6 19. f4 Rd8 20. Qe3 e5 21. O-O-O
Nf6 22. Bc4 Rb8 23. Bb3 h5 24. Qd3 Ng4 25. fxe5 Bh6+ 26. Nf4 Ne3 27. Ncd5 Nxd5
28. exd5 a5 29. a4 Bxf4+ 30. gxf4 Rh6 31. Rh1 Rc8 32. f5 Qb4 33. Kb1 dxe5 34.
dxe5 Rb6 35. d6 Qf4 36. Rxh5 Qxe5 37. Qh3 Rxd6 38. f6 Rxf6 39. Qxc8+ Ke7 40.
Rxe5+ 1-0

[Event "Mercredi 2014.04.02 ABCD"]
[Site "Montreal CAN"]
[Date "2014.04.09"]
[Round "2"]
[White "Tremblay, Alain"]
[Black "Boudreau, Daniel"]
[Result "1/2-1/2"]
[WhiteElo "2145"]
[BlackElo "2137"]
[PlyCount "71"]
[EventDate "2014.04.02"]
[EventType "tourn"]
[EventRounds "5"]
[EventCountry "CAN"]

1. d4 e6 2. e4 c5 3. d5 exd5 4. exd5 d6 5. Bd3 Nf6 6. Nc3 Be7 7. h3 a6 8. a4 b6
9. Nf3 Bb7 10. Bc4 O-O 11. O-O Nbd7 12. Bf4 Re8 13. Re1 Qc7 14. Qd2 b5 15. axb5
Nb6 16. b3 a5 17. Qd3 h6 18. Re2 Nh5 19. Bd2 Bf6 20. Rae1 Rxe2 21. Nxe2 g5 22.
g4 Ng7 23. Bc3 Ne8 24. Qe4 Nxc4 25. bxc4 Qd7 26. Qd3 h5 27. Qe4 hxg4 28. hxg4
Kg7 29. Kg2 Bxc3 30. Nxc3 Nf6 31. Qf5 Qxf5 32. gxf5 Bc8 33. Nxg5 Bxf5 34. Re7
a4 35. b6 a3 36. Ra7 {...} 1/2-1/2

[Event "Mercredi 2014.04.02 ABCD"]
[Site "Montreal CAN"]
[Date "2014.04.16"]
[Round "3"]
[White "Boudreau, Daniel"]
[Black "Lopez Linares, Lizandro"]
[Result "0-1"]
[WhiteElo "2137"]
[BlackElo "1995"]
[PlyCount "72"]
[EventDate "2014.04.02"]
[EventType "tourn"]
[EventRounds "5"]
[EventCountry "CAN"]

1. e4 d5 2. exd5 Qxd5 3. Nf3 Nf6 4. d4 Bg4 5. Be2 e6 6. c4 Bb4+ 7. Nc3 Bxc3+ 8.
bxc3 Qa5 9. O-O Nbd7 10. Qb3 O-O 11. Ba3 c5 12. h3 Bf5 13. d5 b5 14. cxb5 Nxd5
15. Bb2 Nf4 16. Bc4 Qc7 17. Rad1 Qb7 18. Bc1 Nxh3+ 19. Kh1 Nf6 20. Nh4 Qe4 21.
Nxf5 Qxf5 22. Be2 Ng5 23. Bxg5 Qxg5 24. Rd3 Ng4 25. Kg1 Nf6 26. Rg3 Qe5 27. Qc2
Rad8 28. f4 Qc7 29. Rh3 c4 30. a4 Qc5+ 31. Kh1 Rd5 32. g4 Rfd8 33. g5 Rd2 34.
Qb1 Rxe2 35. gxf6 Qd5+ 36. Rhf3 Qh5+ 0-1

[Event "Mercredi 2014.04.02 ABCD"]
[Site "Montreal CAN"]
[Date "2014.04.16"]
[Round "3"]
[White "Brassard, Sylvain"]
[Black "Millette, Sylvain"]
[Result "1-0"]
[WhiteElo "1717"]
[BlackElo "1735"]
[PlyCount "114"]
[EventDate "2014.04.02"]
[EventType "tourn"]
[EventRounds "5"]
[EventCountry "CAN"]

1. d4 Nf6 2. Nf3 g6 3. Bf4 d5 4. e3 Bg7 5. h3 Nbd7 6. Be2 c5 7. c3 O-O 8. Nbd2
Qb6 9. Qc2 Re8 10. O-O cxd4 11. cxd4 Ne4 12. Nxe4 dxe4 13. Ng5 h6 14. Nxe4 e5
15. Bg3 exd4 16. Nd6 Rf8 17. exd4 Qxd4 18. Rad1 Qc5 19. Bc4 Kh7 20. Qb3 Be5 21.
Rd5 Qc6 22. Rxe5 Qxd6 23. Rf5 Qb6 24. Rxf7+ Rxf7 25. Bxf7 Qxb3 26. Bxb3 Nc5 27.
Bd5 Be6 28. Bxe6 Nxe6 29. Rd1 Rd8 30. Rxd8 Nxd8 31. Kf1 Kg7 32. Be5+ Kf7 33.
Ke2 Ke6 34. Bc3 Kd5 35. Kd3 Ne6 36. g3 Ng5 37. h4 Ne4 38. Be1 h5 39. f3 Nc5+
40. Ke3 Ne6 41. g4 Nd4 42. Bc3 Ne6 43. gxh5 gxh5 44. f4 a6 45. f5 Nd8 46. Kf4
Nf7 47. Bb4 b6 48. f6 Ke6 49. Be7 b5 50. b4 Ne5 51. Kg5 Kf7 52. Kxh5 Ng6 53.
Kg5 Nh8 54. Kf5 Ng6 55. h5 Nh4+ 56. Ke5 Nf3+ 57. Kd5 Ng5 1-0

[Event "Mercredi 2014.04.02 ABCD"]
[Site "Montreal CAN"]
[Date "2014.04.16"]
[Round "3"]
[White "Cloutier, Mathieu"]
[Black "Tremblay, Alain"]
[Result "0-1"]
[WhiteElo "2072"]
[BlackElo "2145"]
[PlyCount "180"]
[EventDate "2014.04.02"]
[EventType "tourn"]
[EventRounds "5"]
[EventCountry "CAN"]

1. e4 d6 2. d4 Nf6 3. Nc3 Nbd7 4. f4 e5 5. dxe5 dxe5 6. f5 Bb4 7. Bg5 c6 8. Bd3
Qa5 9. Nge2 h6 10. Bd2 Qc7 11. O-O Bc5+ 12. Kh1 b5 13. b4 Be7 14. a4 bxa4 15.
Nxa4 a6 16. Qe1 O-O 17. Qg3 Kh8 18. Qh3 Nh7 19. g4 c5 20. bxc5 Bb7 21. Nac3
Nxc5 22. Qg3 Bg5 23. Be3 Bxe3 24. Qxe3 f6 25. h4 Rfd8 26. Rg1 Rac8 27. g5 fxg5
28. hxg5 hxg5 29. Kg2 Nxd3 30. cxd3 Qf7 31. Raf1 Rd6 32. Qg3 Rcd8 33. Rh1 Rxd3
34. Qh2 Qg8 35. Qxe5 R3d6 36. f6 gxf6 37. Rxf6 Qg7 38. Qf5 Kg8 39. Rxd6 Rxd6
40. Ng3 Rd2+ 41. Kf3 Rd3+ 42. Ke2 Rxg3 43. Qe6+ Kh8 44. Qe8+ Qg8 45. Qe5+ Qg7
46. Qxg3 Qe7 47. Qb8+ Kg7 48. Qh2 Bxe4 49. Qh6+ Kg8 50. Rh3 Bf5+ 51. Re3 Bg4+
52. Kd2 Qg7 53. Qxa6 Nf6 54. Qc4+ Kh7 55. Qc5 Qd7+ 56. Kc2 Bf5+ 57. Kc1 Kg6 58.
Nb5 Qb7 59. Re5 Qh1+ 60. Kb2 Qb1+ 61. Ka3 Qa1+ 62. Kb4 Qb2+ 63. Kc4 Qa2+ 64.
Kc3 Qc2+ 65. Kb4 Qb2+ 66. Ka5 Qd2+ 67. Nc3 Qd8+ 68. Kb4 Qd7 69. Re7 Qd2 70. Re2
Qd8 71. Rf2 Qg8 72. Nb5 Qc8 73. Qe5 Qf8+ 74. Kb3 Qc8 75. Nd4 Qb7+ 76. Kc3 Ne4+
77. Kc4 Qc8+ 78. Kb4 Nxf2 79. Qd6+ Kh5 80. Qh2+ Nh3 81. Qe2+ g4 82. Qe5 Qf8+
83. Kb3 Qf7+ 84. Kc3 Kg5 85. Qg3 Qa7 86. Nf3+ Kg6 87. Ne5+ Kh6 88. Nxg4+ Bxg4
89. Qh4+ Bh5 90. Qxh3 Qa3+ 0-1

[Event "Mercredi 2014.04.02 ABCD"]
[Site "Montreal CAN"]
[Date "2014.04.16"]
[Round "3"]
[White "Jacquet, Stephane"]
[Black "Lebeau, Gilbert"]
[Result "1-0"]
[WhiteElo "2017"]
[BlackElo "2015"]
[PlyCount "81"]
[EventDate "2014.04.02"]
[EventType "tourn"]
[EventRounds "5"]
[EventCountry "CAN"]

1. d4 d5 2. c4 c6 3. Nc3 Nf6 4. Nf3 dxc4 5. a4 Bf5 6. e3 e6 7. Bxc4 Bb4 8. O-O
O-O 9. Qe2 Bg6 10. Ne5 Nbd7 11. f4 Qa5 12. Bd2 c5 13. Nxg6 hxg6 14. dxc5 Nxc5
15. e4 Rfd8 16. f5 Rxd2 17. Qxd2 Ncxe4 18. Qe2 Bxc3 19. fxg6 Bd4+ 20. Kh1 Qb6
21. gxf7+ Kf8 22. Rad1 e5 23. b3 a5 24. Rd3 Rd8 25. Rh3 Ke7 26. Rh4 Ng5 27. Rf5
Nxf7 28. Rh7 Rg8 29. Bxf7 Kxf7 30. Qc4+ Qe6 31. Qc7+ Kg6 32. Rf3 Kxh7 33. Rh3+
Kg6 34. Rg3+ Ng4 35. h3 Kf6 36. Rf3+ Kg5 37. Rg3 Kf4 38. Rf3+ Ke4 39. Qxb7+ Qd5
40. Qa6 Ne3 41. Qg6+ 1-0

[Event "Mercredi 2014.04.02 ABCD"]
[Site "Montreal CAN"]
[Date "2014.04.16"]
[Round "3"]
[White "Mireault, Sylvain"]
[Black "O'Connor, Michael"]
[Result "0-1"]
[WhiteElo "1744"]
[BlackElo "1738"]
[PlyCount "90"]
[EventDate "2014.04.02"]
[EventType "tourn"]
[EventRounds "5"]
[EventCountry "CAN"]

1. Nf3 Nc6 2. g3 e5 3. d3 d5 4. Nbd2 e4 5. dxe4 dxe4 6. Nxe4 Qxd1+ 7. Kxd1 Bf5
8. Nfd2 O-O-O 9. Bg2 Nh6 10. h3 Bg6 11. c3 Be7 12. h4 Rhe8 13. Ke1 Bf8 14. Ng5
Bd3 15. Nge4 Ba6 16. g4 Nxg4 17. Bh3 f5 18. Bxg4 fxg4 19. h5 Re5 20. Ng3 Rde8
21. e3 Rd5 22. e4 Bd6 23. b3 Bd3 24. c4 Rde5 25. Bb2 R5e6 26. Bxg7 Bxg3 27.
fxg3 Bxe4 28. Nxe4 Rxe4+ 29. Kd1 Re2 30. Bc3 Rg2 31. Re1 Rd8+ 32. Kc1 Rxg3 33.
Re2 Rh3 34. Bf6 Rf8 35. Bg7 Rf7 36. h6 g3 37. Kd2 Rh2 38. Rxh2 gxh2 39. Ke2 Rd7
40. Kf2 Rd3 41. Kg2 Rd2+ 42. Kh1 Ne7 43. Be5 Nf5 44. Bxh2 Nxh6 45. Bf4 Rd4 0-1

[Event "Mercredi 2014.04.02 ABCD"]
[Site "Montreal CAN"]
[Date "2014.04.16"]
[Round "3"]
[White "Nardone, Raul"]
[Black "Dumouchel, Alain"]
[Result "1-0"]
[WhiteElo "1885"]
[BlackElo "1951"]
[PlyCount "41"]
[EventDate "2014.04.02"]
[EventType "tourn"]
[EventRounds "5"]
[EventCountry "CAN"]

1. e4 c5 2. Nf3 d6 3. d4 cxd4 4. Nxd4 Nf6 5. Nc3 g6 6. Be3 Bg7 7. f3 O-O 8. g4
Nc6 9. Qd2 Rb8 10. O-O-O Qa5 11. Nb3 Qd8 12. Bh6 Be6 13. Bxg7 Kxg7 14. Nd5 Nd7
15. h4 f6 16. Nf4 Bf7 17. g5 Nde5 18. gxf6+ Kxf6 19. Nh5+ gxh5 20. Qg5+ Ke6 21.
Qf5# 1-0

[Event "Mercredi 2014.04.02 ABCD"]
[Site "Montreal CAN"]
[Date "2014.04.16"]
[Round "3"]
[White "Ouellet, Maili-Jade"]
[Black "Heredia, Jose"]
[Result "0-1"]
[WhiteElo "1879"]
[BlackElo "1856"]
[PlyCount "86"]
[EventDate "2014.04.02"]
[EventType "tourn"]
[EventRounds "5"]
[EventCountry "CAN"]

1. d4 d5 2. c4 c6 3. Nf3 Nf6 4. Nc3 e6 5. Bg5 h6 6. Bh4 dxc4 7. e4 g5 8. Bg3 b5
9. e5 Nd5 10. Ne4 Bb4+ 11. Nfd2 c3 12. bxc3 Nxc3 13. Nf6+ Qxf6 14. exf6 Nxd1
15. Rxd1 Nd7 16. Rc1 Bb7 17. Be5 Nxe5 18. dxe5 Rd8 19. Rc2 Rd5 20. Kd1 O-O 21.
Rb2 Bc3 22. Rc2 Ba5 23. Kc1 Rxe5 24. Bd3 Bxd2+ 25. Rxd2 Rd5 26. Rhd1 Rfd8 27.
Kc2 a6 28. Be4 Rxd2+ 29. Rxd2 Rxd2+ 30. Kxd2 Kf8 31. f3 Ke8 32. Kc3 Kd7 33. Kb4
Kd6 34. Ka5 Bc8 35. Bh7 e5 36. a4 Kc5 37. axb5 axb5 38. Be4 Be6 39. g4 Bd5 40.
Bf5 Bxf3 41. h3 e4 42. Be6 e3 43. Bxf7 e2 0-1

[Event "Mercredi 2014.04.02 ABCD"]
[Site "Montreal CAN"]
[Date "2014.04.16"]
[Round "3"]
[White "Rondon, Luciano"]
[Black "Fortin-Lavoie, Patrice"]
[Result "1/2-1/2"]
[WhiteElo "1921"]
[BlackElo "1828"]
[PlyCount "51"]
[EventDate "2014.04.02"]
[EventType "tourn"]
[EventRounds "5"]
[EventCountry "CAN"]

1. d4 Nf6 2. c4 e5 3. dxe5 Ng4 4. Nf3 Bc5 5. e3 Nc6 6. a3 a5 7. b3 Ncxe5 8. Be2
Qf6 9. Ra2 Nxf2 10. Kxf2 Ng4+ 11. Ke1 Bxe3 12. Bd3 O-O 13. Re2 Re8 14. Kf1 b6
15. h3 Bb7 16. hxg4 Bxf3 17. Bxh7+ Kf8 18. Bf5 Bxe2+ 19. Qxe2 Bh6 20. Qf3 Qe5
21. Bd2 Bxd2 22. Rh8+ Ke7 23. Rxe8+ Rxe8 24. Nxd2 Rh8 25. Qe2 Rh1+ 26. Kf2
1/2-1/2

[Event "Mercredi 2014.04.02 ABCD"]
[Site "Montreal CAN"]
[Date "2014.04.16"]
[Round "3"]
[White "Struben, Jeroen"]
[Black "Gauthier, Luc"]
[Result "1-0"]
[WhiteElo "1764"]
[BlackElo "1796"]
[PlyCount "42"]
[EventDate "2014.04.02"]
[EventType "tourn"]
[EventRounds "5"]
[EventCountry "CAN"]

1. d4 d5 2. c4 e5 3. dxe5 d4 4. Nf3 Nc6 5. Bg5 Be7 6. Bf4 Bb4+ 7. Nbd2 Nge7 8.
Qb3 Ng6 9. Bg3 Bxd2+ 10. Nxd2 Ncxe5 11. e3 dxe3 12. fxe3 O-O 13. Be2 Bg4 14.
Nf3 Bxf3 15. gxf3 Re8 16. Rd1 Qe7 17. O-O h5 18. Kh1 h4 19. Bf2 h3 20. Rg1 Nh4
21. Rg3 Nexf3 1-0

[Event "Mercredi 2014.04.02 ABCD"]
[Site "Montreal CAN"]
[Date "2014.04.16"]
[Round "3"]
[White "Zumsteg, Nicolas"]
[Black "Baran, Marius"]
[Result "1-0"]
[WhiteElo "1719"]
[BlackElo "1649"]
[PlyCount "85"]
[EventDate "2014.04.02"]
[EventType "tourn"]
[EventRounds "5"]
[EventCountry "CAN"]

1. e4 e6 2. d4 d5 3. Nd2 dxe4 4. Nxe4 Nf6 5. Nxf6+ Qxf6 6. Nf3 h6 7. Be3 Nd7 8.
c3 Bd6 9. Bd3 O-O 10. O-O Re8 11. Nd2 Qe7 12. Ne4 f5 13. Nxd6 cxd6 14. Qb3 Kh8
15. f4 Nf6 16. Rae1 Bd7 17. Bc1 g6 18. Qxb7 d5 19. Rf2 a5 20. Rfe2 Qd6 21. Qb3
Rec8 22. Qd1 Kg7 23. g3 Kf7 24. Rc2 Rab8 25. Qe2 Rb6 26. Bd2 a4 27. Rec1 Rcb8
28. Be1 Ne4 29. Bf2 Bb5 30. Bxb5 Rxb5 31. Be3 Qb6 32. c4 Rxb2 33. c5 Qb4 34. c6
Rxc2 35. Qxc2 Rc8 36. Kf1 Ke7 37. Rb1 Qc3 38. Rb7+ Kd6 39. Rd7+ Kxc6 40. Qxa4+
Kb6 41. Qa7+ Kb5 42. Rb7+ Kc4 43. Qa6# 1-0

[Event "Mercredi 2014.04.02 ABCD"]
[Site "Montreal CAN"]
[Date "2014.04.23"]
[Round "4"]
[White "Boudreau, Daniel"]
[Black "Cloutier, Mathieu"]
[Result "1-0"]
[WhiteElo "2137"]
[BlackElo "2072"]
[PlyCount "77"]
[EventDate "2014.04.02"]
[EventType "tourn"]
[EventRounds "5"]
[EventCountry "CAN"]

1. e4 c5 2. Nf3 d6 3. Bb5+ Nc6 4. Bxc6+ bxc6 5. O-O e5 6. c3 Bg4 7. h3 Bh5 8.
d4 cxd4 9. cxd4 Bxf3 10. Qxf3 exd4 11. e5 d5 12. Rd1 Qa5 13. Nd2 Ne7 14. Nb3
Qc7 15. Nxd4 Qxe5 16. Bf4 Qf6 17. Rac1 Rc8 18. Qe3 Kd7 19. Nf3 c5 20. Ne5+ Ke8
21. Rxc5 Rxc5 22. Qxc5 Qb6 23. Qc2 a6 24. Re1 f6 25. Nf3 Kf7 26. Be3 Qa5 27.
Bd2 Qxa2 28. Bc3 Qc4 29. Rd1 g6 30. Rd4 Qc6 31. Rf4 Nf5 32. g4 Bh6 33. g5 Qc7
34. Rxf5 gxf5 35. Qxf5 Bg7 36. gxf6 Bh6 37. Ne5+ Kf8 38. Bb4+ Ke8 39. Qe6+ 1-0

[Event "Mercredi 2014.04.02 ABCD"]
[Site "Montreal CAN"]
[Date "2014.04.23"]
[Round "4"]
[White "Dumouchel, Alain"]
[Black "Ouellet, Maili-Jade"]
[Result "1-0"]
[WhiteElo "1951"]
[BlackElo "1879"]
[PlyCount "111"]
[EventDate "2014.04.02"]
[EventType "tourn"]
[EventRounds "5"]
[EventCountry "CAN"]

1. e4 c5 2. Nf3 e6 3. d4 cxd4 4. Nxd4 Nf6 5. Nc3 Bb4 6. Be2 Nxe4 7. O-O Bxc3 8.
bxc3 Nxc3 9. Qd3 Nxe2+ 10. Qxe2 O-O 11. Ba3 Re8 12. Nb5 Qa5 13. Nd6 Rd8 14. Qf3
f6 15. Rab1 Nc6 16. Rfd1 Rb8 17. Rb5 Qc7 18. Rh5 h6 19. Rxh6 Ne5 20. Qh5 gxh6
21. Bb2 Qxc2 22. Bxe5 Rf8 23. Bf4 Qh7 24. Bxh6 Kh8 25. g4 b6 26. Bxf8 Qxh5 27.
gxh5 Ba6 28. Be7 Kg7 29. Ne4 d5 30. Nxf6 Rb7 31. Bd8 Kh6 32. Re1 Rg7+ 33. Kh1
e5 34. Rxe5 d4 35. f3 Bb7 36. Ne4 d3 37. h4 Rd7 38. Bg5+ Kg7 39. h6+ Kg6 40.
Re6+ Kf5 41. Rf6+ Ke5 42. Bf4+ Kd4 43. Nd2 Kc3 44. Kg2 Kc2 45. Kf2 Re7 46. Be3
Kb2 47. Rg6 Ba6 48. Rg7 Re8 49. h7 Rh8 50. Rxa7 Bb5 51. Bd4+ Kc2 52. Bxh8 Kxd2
53. Bd4 Kc2 54. Be3 d2 55. Bxd2 Kxd2 56. h8=Q 1-0

[Event "Mercredi 2014.04.02 ABCD"]
[Site "Montreal CAN"]
[Date "2014.04.23"]
[Round "4"]
[White "Fortin-Lavoie, Patrice"]
[Black "Heredia, Jose"]
[Result "0-1"]
[WhiteElo "1828"]
[BlackElo "1856"]
[PlyCount "86"]
[EventDate "2014.04.02"]
[EventType "tourn"]
[EventRounds "5"]
[EventCountry "CAN"]

1. d4 d5 2. c4 c6 3. e3 Nf6 4. Nf3 e6 5. Be2 Nbd7 6. O-O dxc4 7. Bxc4 b5 8. Bb3
Bb7 9. a4 a6 10. Nbd2 c5 11. dxc5 Nxc5 12. Nd4 Nxb3 13. N2xb3 e5 14. Nf5 Be4
15. Ng3 Qxd1 16. Rxd1 Bc2 17. Rd2 Bxb3 18. axb5 Bb4 19. bxa6 O-O 20. e4 Bxd2
21. Bxd2 Rfd8 22. Be3 Rd1+ 23. Rxd1 Bxd1 24. a7 Ne8 25. Nf5 f6 26. Ne7+ Kf7 27.
Nd5 Ba4 28. b4 Bc6 29. Nc3 Nd6 30. f3 Nb5 31. Nxb5 Bxb5 32. Kf2 Ke6 33. Bc5 Rd8
34. Ke3 h5 35. h4 g5 36. hxg5 fxg5 37. g3 Bc6 38. f4 exf4+ 39. gxf4 gxf4+ 40.
Kxf4 Rg8 41. Bf2 Rg4+ 42. Ke3 Rxe4+ 43. Kd3 Rxb4 0-1

[Event "Mercredi 2014.04.02 ABCD"]
[Site "Montreal CAN"]
[Date "2014.04.23"]
[Round "4"]
[White "Gauthier, Luc"]
[Black "O'Connor, Michael"]
[Result "0-1"]
[WhiteElo "1796"]
[BlackElo "1738"]
[PlyCount "48"]
[EventDate "2014.04.02"]
[EventType "tourn"]
[EventRounds "5"]
[EventCountry "CAN"]

1. e4 c5 2. d4 cxd4 3. c3 dxc3 4. Nxc3 Nc6 5. Nf3 d6 6. Bc4 e6 7. O-O Be7 8.
Qe2 a6 9. Rd1 Qc7 10. Bf4 Bd7 11. Rac1 Rd8 12. e5 dxe5 13. Nxe5 Qc8 14. Ne4 Nf6
15. Nxf7 Kxf7 16. Ng5+ Ke8 17. Rxd7 Qxd7 18. Bxe6 Qd3 19. Bf7+ Kf8 20. Qe6 Qd1+
21. Qe1 Qxe1+ 22. Rxe1 h6 23. Ne6+ Kxf7 24. Nxd8+ Rxd8 0-1

[Event "Mercredi 2014.04.02 ABCD"]
[Site "Montreal CAN"]
[Date "2014.04.23"]
[Round "4"]
[White "Lopez Linares, Lizandro"]
[Black "Lebeau, Gilbert"]
[Result "1-0"]
[WhiteElo "1995"]
[BlackElo "2015"]
[PlyCount "45"]
[EventDate "2014.04.02"]
[EventType "tourn"]
[EventRounds "5"]
[EventCountry "CAN"]

1. d4 d5 2. Nf3 Nf6 3. c4 c6 4. Nc3 e6 5. Bg5 h6 6. Bxf6 Qxf6 7. e3 Nd7 8. Rc1
Bd6 9. Qc2 O-O 10. Be2 Re8 11. O-O Qe7 12. e4 Bf4 13. Rcd1 dxe4 14. Nxe4 e5 15.
dxe5 Nxe5 16. Ng3 Ng4 17. Bd3 Bxg3 18. hxg3 Qc5 19. Rfe1 Be6 20. Re2 Qh5 21.
Rde1 Kf8 22. Qc3 Bf5 23. Qb4+ 1-0

[Event "Mercredi 2014.04.02 ABCD"]
[Site "Montreal CAN"]
[Date "2014.04.23"]
[Round "4"]
[White "Millette, Sylvain"]
[Black "Khudaverdian, Berj"]
[Result "1-0"]
[WhiteElo "1735"]
[BlackElo "1698"]
[PlyCount "133"]
[EventDate "2014.04.02"]
[EventType "tourn"]
[EventRounds "5"]
[EventCountry "CAN"]

1. Nf3 Nf6 2. g3 g6 3. Bg2 Bg7 4. d4 d6 5. O-O O-O 6. c3 c6 7. Nbd2 Nbd7 8. Re1
Qc7 9. e4 e5 10. dxe5 Nxe5 11. Nxe5 dxe5 12. h3 Rd8 13. Qf3 Be6 14. Nb3 b6 15.
Bg5 Bxb3 16. axb3 Rd6 17. Rad1 a5 18. Rxd6 Qxd6 19. Rd1 Qe6 20. Bf1 b5 21. c4
Rb8 22. c5 Ne8 23. Rd8 Rxd8 24. Bxd8 Bf8 25. Qe3 a4 26. bxa4 bxa4 27. Qc3 Qd7
28. Bb6 Qd4 29. Qxd4 exd4 30. Ba6 Nf6 31. f3 Nd7 32. Bb7 Bxc5 33. Bxc5 Nxc5 34.
Bxc6 Kf8 35. Kf1 Ke7 36. Ke2 Kd6 37. Bd5 f5 38. Bg8 fxe4 39. fxe4 h6 40. Bh7 g5
41. Bg6 Ke5 42. h4 Nxe4 43. hxg5 hxg5 44. Be8 Nc5 45. Kf3 Kf5 46. g4+ Ke5 47.
Bb5 Kd5 48. Be8 Kc4 49. Ke2 Kb3 50. Kd2 d3 51. Bc6 Kc4 52. Bf3 Kd4 53. Bc6 Ne4+
54. Ke1 Ke3 55. Bxa4 d2+ 56. Kf1 Nf2 57. b4 d1=Q+ 58. Bxd1 Nxd1 59. b5 Kf3 60.
b6 Ne3+ 61. Kg1 Nxg4 62. b7 Ne3 63. b8=Q g4 64. Qf8+ Ke4 65. Kf2 Nf5 66. Qb4+
Nd4 67. Kg3 1-0

[Event "Mercredi 2014.04.02 ABCD"]
[Site "Montreal CAN"]
[Date "2014.04.23"]
[Round "4"]
[White "Rondon, Luciano"]
[Black "Nardone, Raul"]
[Result "1/2-1/2"]
[WhiteElo "1921"]
[BlackElo "1885"]
[PlyCount "60"]
[EventDate "2014.04.02"]
[EventType "tourn"]
[EventRounds "5"]
[EventCountry "CAN"]

1. d4 Nf6 2. c4 c5 3. d5 e6 4. Nc3 exd5 5. cxd5 d6 6. e4 g6 7. f4 Bg7 8. Bb5+
Nfd7 9. Nf3 O-O 10. a4 Na6 11. O-O Nb4 12. a5 a6 13. Bd3 Qc7 14. Ra4 b5 15.
axb6 Nxb6 16. Ra3 c4 17. Bb1 Bb7 18. Kh1 Rfe8 19. Be3 Nd7 20. Na4 Nf6 21. Bb6
Qe7 22. Ba5 Nd3 23. Bxd3 cxd3 24. Nb6 Rab8 25. e5 Nxd5 26. Nxd5 Bxd5 27. exd6
Bxf3 28. Qxf3 Qxd6 29. Rxd3 Qe7 30. Bc3 Bxc3 1/2-1/2

[Event "Mercredi 2014.04.02 ABCD"]
[Site "Montreal CAN"]
[Date "2014.04.23"]
[Round "4"]
[White "Salazar, Andres"]
[Black "Mireault, Sylvain"]
[Result "1-0"]
[WhiteElo "1774"]
[BlackElo "1744"]
[PlyCount "63"]
[EventDate "2014.04.02"]
[EventType "tourn"]
[EventRounds "5"]
[EventCountry "CAN"]

1. e4 c5 2. Nf3 e6 3. d4 cxd4 4. Nxd4 Nf6 5. f3 Nc6 6. Be3 d5 7. Bb5 Bd7 8. Nd2
dxe4 9. Nxc6 bxc6 10. Bc4 exf3 11. Qxf3 Be7 12. O-O O-O 13. Kh1 Nd5 14. Bd4 f5
15. Qh5 Bf6 16. Nb3 e5 17. Bc3 Kh8 18. Ba5 Qe7 19. a3 g6 20. Qe2 Qg7 21. Rad1
Nb6 22. Nc5 Bc8 23. Rd6 Be7 24. Rxc6 Nxc4 25. Qxc4 Rf6 26. Rc7 Qf8 27. Rd1 Bxc5
28. Rxc5 Rd6 29. Rxd6 Qxd6 30. Rxc8+ Rxc8 31. Qxc8+ Kg7 32. Qc7+ 1-0